000 00567nam a2200169Ia 4500
003 GCL
008 140319s9999 xx 000 0 ara d
040 _aGCL /
_cGCL
082 0 4 _a962.2
_bر ب
100 1 _aحبيب جاماتى
245 1 0 _aبونابرت فى مصر: الحملة الفرنسية فى مصر من خلال غراميات قائدها /
_cحبيب جاماتى
700 1 _aريجيس، روجيه
490 _aمن الشرق والغرب
_v0
650 0 4 _aنابليون بونابرت
650 0 4 _aمصر - تاريخ
942 _2ddc
_cBK
999 _c44230
_d44230